[Event "SR 3. liga A2 2014/2015"]
[Site "?"]
[Date "2014.10.19"]
[Round "1.4"]
[White "Curidlo, Jan"]
[Black "Hornak, Pavol"]
[Result "0-1"]
[WhiteElo "1889"]
[BlackElo "1766"]
[PlyCount "76"]
[EventDate "2015.??.??"]

1. e4 c5 2. Nf3 a6 3. d4 cxd4 4. Nxd4 Nf6 5. Nc3 e5 6. Nf3 Bb4 7. Bd3 d5 8. Bd2
Bxc3 9. Bxc3 dxe4 10. Nxe5 exd3 11. Bb4 Qd4 12. Nxd3 Qe4+ 13. Kf1 Nc6 14. Qd2
Be6 15. Re1 Qd5 16. Ba3 O-O-O 17. Qf4 Rhe8 18. h3 Qf5 19. g4 Qxf4 20. Nxf4 Bc4+
21. Kg2 g5 22. b3 Bd5+ 23. Nxd5 Nxd5 24. Bc1 h6 25. a3 Nce7 26. Bb2 Ng6 27.
Rxe8 Rxe8 28. Rd1 Ndf4+ 29. Kh2 Re2 30. Bd4 Rxc2 31. Bb6 Ne6 32. Kg3 Rc3+ 33.
f3 Ne5 34. Ba5 Rxf3+ 35. Kg2 Rxb3 36. Rc1+ Nc6 37. Bb4 Nf4+ 38. Kf2 Nd3+ 0-1

[Event "SR 3. liga A2 2014/2015"]
[Site "?"]
[Date "2014.10.19"]
[Round "1.5"]
[White "Kapusta, Petr"]
[Black "Bango, Lukas"]
[Result "1-0"]
[WhiteElo "2112"]
[BlackElo "1917"]
[PlyCount "53"]
[EventDate "2015.??.??"]

1. e4 {0} c5 2. Nf3 d6 3. d4 cxd4 4. Nxd4 Nf6 5. Nc3 a6 6. Be2 e6 7. O-O Nbd7
8. f4 b5 9. Bf3 e5 10. Nf5 Qc7 11. Kh1 Bb7 12. Nd5 Bxd5 13. exd5 g6 14. fxe5
Nxe5 15. Bg5 Nfd7 16. Nd4 Bg7 17. Ne6 fxe6 18. dxe6 Nb6 19. Bxa8 Nxa8 20. a4
Nb6 21. axb5 axb5 22. Qe2 Qc6 23. Ra7 h6 24. Bh4 g5 25. Rxg7 gxh4 26. Qh5+ Kd8
27. e7+ 1-0

[Event "SR 3. liga A2 2014/2015"]
[Site "?"]
[Date "2014.10.19"]
[Round "1.5"]
[White "Horecky, Peter"]
[Black "Stanec, Stanislav"]
[Result "1/2-1/2"]
[WhiteElo "1985"]
[BlackElo "2162"]
[PlyCount "43"]
[EventDate "2015.??.??"]

1. d4 {0} d5 2. c4 e6 3. Nf3 Nf6 4. e3 Nbd7 5. Bd3 dxc4 6. Bxc4 c5 7. O-O Be7
8. Qe2 O-O 9. Rd1 Qc7 10. Nc3 a6 11. a4 b6 12. e4 cxd4 13. Nxd4 Bb7 14. Be3
Rfe8 15. Ba2 Nxe4 16. Nxe4 Bxe4 17. Nxe6 Qb7 18. Qg4 g6 19. Ng5 Bf5 20. Bxf7+
Kg7 21. Qh4 Nf6 22. Bd5 1/2-1/2

[Event "SR 3. liga A2 2014/2015"]
[Site "?"]
[Date "2014.10.19"]
[Round "1.5"]
[White "Harastova, Viera"]
[Black "Lopatievov, Alexander"]
[Result "1/2-1/2"]
[WhiteElo "1876"]
[BlackElo "1926"]
[PlyCount "55"]
[EventDate "2015.??.??"]

1. d4 {0} Nf6 {0} 2. c4 c6 3. Nc3 d5 4. e3 dxc4 5. Bxc4 b5 6. Bd3 e6 7. Nge2
Nbd7 8. O-O Be7 9. b3 Bb7 10. Bb2 O-O 11. Rc1 Rc8 12. Ne4 a6 13. Nc5 Nxc5 14.
dxc5 Qc7 15. Qc2 h6 16. Ng3 a5 17. Bxf6 Bxf6 18. Nh5 Qe5 19. Nxf6+ Qxf6 20. f4
Rfd8 21. Rcd1 b4 22. Rf2 Kf8 23. Rfd2 Ke8 24. Be4 Rxd2 25. Qxd2 Rd8 26. Qxd8+
Qxd8 27. Rxd8+ Kxd8 28. Kf2 1/2-1/2

[Event "SR 3. liga A2 2014/2015"]
[Site "?"]
[Date "2014.10.19"]
[Round "1.5"]
[White "Mackovic, Miroslav"]
[Black "Brisudova, Veronika"]
[Result "0-1"]
[WhiteElo "1846"]
[BlackElo "1902"]
[PlyCount "104"]
[EventDate "2015.??.??"]

1. e4 c5 2. Nf3 d6 3. d4 cxd4 4. Nxd4 a6 5. Nc3 Nf6 6. Be2 e6 7. Be3 Be7 8. O-O
O-O 9. f4 Nbd7 10. Bf3 Re8 11. g4 Nf8 12. g5 N6d7 13. h4 Ng6 14. h5 Nxf4 15.
Bxf4 e5 16. Nf5 exf4 17. g6 Ne5 18. gxf7+ Kxf7 19. Bg2 f3 20. Nxe7 Qxe7 21.
Bxf3 Kg8 22. Rf2 Be6 23. Rg2 Rf8 24. Be2 Rf6 25. Qd2 Kh8 26. Nd5 Bxd5 27. Qxd5
Raf8 28. Rd1 Qc7 29. Qb3 Qc5+ 30. Kh2 Rf2 31. Qg3 Rxg2+ 32. Kxg2 Qxc2 33. Qe1
Qxe4+ 34. Kh2 Nf3+ 35. Bxf3 Qxf3 36. Rd2 Qxh5+ 37. Kg1 Qc5+ 38. Kg2 h6 39. Qe7
Qc6+ 40. Kh2 Qf3 41. Qxd6 Qf4+ 42. Qxf4 Rxf4 43. Kg3 Rf7 44. Kg4 g6 45. a3 Kg7
46. b4 h5+ 47. Kh4 Kh6 48. Rd6 Rc7 49. Rd3 Rc4+ 50. Kh3 Re4 51. Kh2 Re6 52. Rd7
b5 0-1

[Event "SR 3. liga A2 2014/2015"]
[Site "?"]
[Date "2014.10.19"]
[Round "1.5"]
[White "Vepy, Ivan"]
[Black "Kozinka, Jan"]
[Result "1-0"]
[WhiteElo "1923"]
[BlackElo "1791"]
[PlyCount "45"]
[EventDate "2015.??.??"]

1. e4 {0} e5 2. Bc4 Nc6 3. Nc3 a6 4. a3 Bc5 5. Nf3 d6 6. h3 h6 7. O-O Nf6 8. d3
Bd7 9. Nd5 Be6 10. Be3 Bxe3 11. fxe3 Ne7 12. Nxf6+ gxf6 13. Bxe6 fxe6 14. Nh4
O-O 15. Qg4+ Kf7 16. Rf3 Ng8 17. Qg6+ Ke7 18. Qg7+ Ke8 19. Ng6 Rf7 20. Qxg8+
Kd7 21. Qxf7+ Kc6 22. Qxe6 Qg8 23. Ne7+ 1-0

[Event "SR 3. liga A2 2014/2015"]
[Site "?"]
[Date "2014.10.19"]
[Round "1.5"]
[White "Bango, Dominik"]
[Black "Hrubsa, Marian"]
[Result "1-0"]
[WhiteElo "1557"]
[BlackElo "1826"]
[PlyCount "67"]
[EventDate "2015.??.??"]

1. e4 {0} e6 {0} 2. d4 d5 3. exd5 exd5 4. Bd3 Bd6 5. Nf3 Ne7 6. O-O O-O 7. Nc3
c6 8. Re1 Bf5 9. Ne2 Nd7 10. Bf4 Bxf4 11. Nxf4 Bxd3 12. Nxd3 Ng6 13. c3 Nf6 14.
Nfe5 Ne4 15. f3 Nd6 16. Qc2 Nh4 17. Re2 f6 18. Ng4 f5 19. Nge5 f4 20. Rae1 Qg5
21. Kh1 Ndf5 22. Nc5 Qh5 23. Kg1 Ne3 24. Qd2 Rf6 25. Ncd3 Nexg2 26. Rxg2 Nxg2
27. Qxg2 Rf5 28. Kh1 g5 29. Ng4 h6 30. Re6 Re8 31. Rxe8+ Qxe8 32. Nxh6+ Kf8 33.
Nxf5 Qe6 34. Qxg5 1-0

[Event "SR 3. liga A2 2014/2015"]
[Site "?"]
[Date "2014.10.19"]
[Round "1.5"]
[White "Planka, Peter"]
[Black "Vagovic, Milan"]
[Result "1/2-1/2"]
[WhiteElo "1764"]
[BlackElo "1610"]
[PlyCount "71"]
[EventDate "2015.??.??"]

1. e4 c5 2. Nf3 d6 3. d4 cxd4 4. Nxd4 Nf6 5. Nc3 a6 6. Be2 e5 7. Nf3 Be7 8. O-O
O-O 9. Re1 b5 10. Qd3 Re8 11. Bg5 h6 12. Bxf6 Bxf6 13. Rad1 Be7 14. Nd5 Bf8 15.
Qc3 Ra7 16. Qe3 Rb7 17. b3 Be6 18. c4 Qa5 19. Qd2 Qd8 20. a4 bxc4 21. bxc4 Nd7
22. Rb1 Qb8 23. Bd3 Nc5 24. a5 Qa7 25. Bc2 Reb8 26. Rxb7 Rxb7 27. Rb1 Rxb1+ 28.
Bxb1 Qb7 29. Qa2 Qb3 30. Nd2 Qd1+ 31. Nf1 Qe1 32. f3 Qc1 33. Kf2 Qg5 34. Qb2
Qd8 35. Qb6 Qc8 36. Nfe3 1/2-1/2

[Event "SR 3. liga A2 2014/2015"]
[Site "?"]
[Date "2014.10.19"]
[Round "1.5"]
[White "Rusnacik, Milan"]
[Black "Antalek, Rudolf"]
[Result "0-1"]
[WhiteElo "1314"]
[BlackElo "1532"]
[PlyCount "78"]
[EventDate "2015.??.??"]

1. d4 {0} Nf6 2. c4 g6 3. Nc3 d5 4. Nf3 Bg7 5. Bg5 c6 6. e3 O-O 7. Qc2 Bf5 8.
Qb3 dxc4 9. Bxc4 b5 10. Be2 Nbd7 11. O-O Rc8 12. Rac1 a5 13. a3 Qb6 14. Nd2 Be6
15. Qd1 Rfe8 16. h3 h6 17. Bf4 Nd5 18. Nxd5 Bxd5 19. Nf3 e5 20. dxe5 Nxe5 21.
Nd4 Rcd8 22. Kh1 c5 23. Bxb5 cxd4 24. Bxe8 dxe3 25. Bxf7+ Kxf7 26. Qe2 Qb7 27.
fxe3 Kg8 28. Bxe5 Bxe5 29. Qg4 Kg7 30. Rf2 Qb3 31. e4 Bxe4 32. Rcf1 Bd5 33. Re1
Be6 34. Rf3 Rd1 35. Qe4 Rxe1+ 36. Qxe1 Qxb2 37. Re3 Bd5 38. Re2 Qxa3 39. Rxe5
Qxh3+ 0-1

[Event "SR 3. liga A2 2014/2015"]
[Site "?"]
[Date "2014.10.19"]
[Round "1.6"]
[White "Veselsky, Jozef"]
[Black "Sturdik, Igor"]
[Result "0-1"]
[WhiteElo "2133"]
[BlackElo "1990"]
[PlyCount "158"]
[EventDate "2015.??.??"]

1. d4 Nf6 2. Nf3 e6 3. c4 c5 4. d5 exd5 5. cxd5 d6 6. Nc3 g6 7. e4 Bg7 8. Bc4
O-O 9. O-O Re8 10. Re1 a6 11. a4 Bg4 12. h3 Bxf3 13. Qxf3 Nbd7 14. Bf4 Ne5 15.
Bxe5 Rxe5 16. Qd3 Nd7 17. f4 Re8 18. Kh1 Qh4 19. Rf1 Bd4 20. Ne2 Bg7 21. Kh2
Nf6 22. g3 Qh6 23. Nc3 Nd7 24. Rae1 Rad8 25. Nd1 Bd4 26. Kg2 Qg7 27. Re2 f6 28.
b4 Qe7 29. Rfe1 Kg7 30. a5 Qf8 31. b5 axb5 32. Bxb5 Re7 33. Ne3 Bxe3 34. Rxe3
Ra8 35. Qc3 Qd8 36. Ra1 Qc7 37. h4 Kf7 38. Bc4 Rae8 39. Kf3 Qb8 40. Rb1 Qc7 41.
g4 h6 42. Ree1 g5 43. hxg5 hxg5 44. Bb5 gxf4 45. Bxd7 Qxd7 46. Rh1 Rg8 47. Rbg1
Rg7 48. g5 fxg5 49. Rh6 Re5 50. Qb3 Qe7 51. Qc4 g4+ 52. Kf2 Rxe4 53. Qd3 g3+
54. Kg2 Re2+ 55. Kh1 Qe4+ 56. Qxe4 Rxe4 57. Rxd6 Ke7 58. Rb6 Kd8 59. Kg2 Re2+
60. Kf3 Rf2+ 61. Ke4 Re7+ 62. Kf5 g2 63. d6 Rg7 64. a6 bxa6 65. Rb8+ Kd7 66.
Rb7+ Kxd6 67. Rxg7 f3 68. Ke4 Rf1 69. Rg6+ Kc7 70. R6xg2 fxg2 71. Rxg2 Rd1 72.
Rb2 Kc6 73. Ra2 Kb5 74. Rb2+ Kc4 75. Ra2 Rd4+ 76. Kf3 Kb3 77. Rxa6 c4 78. Rb6+
Kc2 79. Kf2 Rd8 0-1

[Event "SR 3. liga A2 2014/2015"]
[Site "?"]
[Date "2014.10.19"]
[Round "1.6"]
[White "Nicolini, Alexander"]
[Black "Travnicek, Petr"]
[Result "1/2-1/2"]
[WhiteElo "2120"]
[BlackElo "2134"]
[PlyCount "56"]
[EventDate "2015.??.??"]

1. e4 c5 2. Nf3 Nc6 3. c3 d5 4. exd5 Qxd5 5. d4 cxd4 6. cxd4 e5 7. Nc3 Bb4 8.
Bd2 Bxc3 9. Bxc3 e4 10. Ne5 Nxe5 11. dxe5 Ne7 12. Qa4+ Bd7 13. Qa3 a5 14. Rd1
Qc6 15. Be2 b5 16. Rd6 Qc7 17. O-O O-O 18. e6 fxe6 19. Be5 Ng6 20. Bg3 Nf4 21.
Bxf4 Rxf4 22. Rfd1 Be8 23. Qe3 e5 24. g3 Rf6 25. Rxf6 gxf6 26. Qxe4 Rd8 27.
Qg4+ Kf8 28. Rxd8 Qxd8 1/2-1/2

[Event "SR 3. liga A2 2014/2015"]
[Site "?"]
[Date "2014.10.19"]
[Round "1.6"]
[White "Pribila, Gerhard"]
[Black "Bukovsky, Milan"]
[Result "1/2-1/2"]
[WhiteElo "2060"]
[BlackElo "1922"]
[PlyCount "86"]
[EventDate "2015.??.??"]

1. e4 e5 2. Nf3 Nc6 3. d4 exd4 4. Nxd4 Bc5 5. Nb3 Bb4+ 6. c3 Be7 7. Bd3 Nf6 8.
O-O O-O 9. h3 d5 10. exd5 Qxd5 11. Bc2 Qxd1 12. Rxd1 Be6 13. Bf4 Nd5 14. Bg3
Rfd8 15. N1d2 Rd7 16. Nf3 Rad8 17. Nfd4 Nxd4 18. Nxd4 Bd6 19. Nxe6 fxe6 20.
Bxd6 Rxd6 21. Rd4 Nf6 22. Rxd6 Rxd6 23. Rd1 Rxd1+ 24. Bxd1 Kf8 25. Kf1 Ke7 26.
Ke2 Kd6 27. Ke3 e5 28. Bc2 Ke6 29. g3 Nd5+ 30. Kf3 Nf6 31. g4 g5 32. b4 Kd5 33.
Bb3+ Kd6 34. c4 b6 35. a3 a5 36. Bc2 axb4 37. axb4 c5 38. b5 h6 39. Bf5 Ke7 40.
Bc8 Kd6 41. Bb7 Ke7 42. Ke3 Kd6 43. Kf3 Kc7 1/2-1/2

[Event "SR 3. liga A2 2014/2015"]
[Site "?"]
[Date "2014.10.19"]
[Round "1.6"]
[White "Doucha, Ludvik"]
[Black "Kubis, Ivan"]
[Result "0-1"]
[WhiteElo "2006"]
[BlackElo "1991"]
[PlyCount "56"]
[EventDate "2015.??.??"]

1. e4 e5 2. Nf3 Nc6 3. Bb5 a6 4. Ba4 Nf6 5. O-O b5 6. Bb3 Be7 7. Re1 O-O 8. c3
d5 9. exd5 Nxd5 10. Nxe5 Nxe5 11. Rxe5 c6 12. d4 Bd6 13. Re1 Qh4 14. g3 Qh3 15.
Qd3 Bg4 16. Be3 Rae8 17. Nd2 Qh5 18. Bd1 f5 19. f3 Bh3 20. Bb3 f4 21. Bf2 fxg3
22. hxg3 Bf5 23. Ne4 Re6 24. Re2 Rh6 25. Kf1 Qh1+ 26. Bg1 Bh3+ 27. Kf2 Qg2+ 28.
Ke1 Qxg1+ 0-1

[Event "SR 3. liga A2 2014/2015"]
[Site "?"]
[Date "2014.10.19"]
[Round "1.6"]
[White "Bilovsky, Milan"]
[Black "Mosny, Jaroslav"]
[Result "1/2-1/2"]
[WhiteElo "1921"]
[BlackElo "1998"]
[PlyCount "75"]
[EventDate "2015.??.??"]

1. e4 e5 2. Nf3 d6 3. d4 exd4 4. Nxd4 g6 5. Be3 Bg7 6. c3 Nf6 7. f3 O-O 8. Be2
Re8 9. Bg5 c6 10. Nd2 Nbd7 11. O-O Nc5 12. N2b3 Ne6 13. Nxe6 Bxe6 14. Nd4 Qb6
15. Qd2 Nd7 16. Be3 Qc7 17. f4 Nc5 18. Bf3 Bc4 19. Rfd1 Nxe4 20. Bxe4 Rxe4 21.
b3 Rae8 22. Re1 Ba6 23. Rad1 c5 24. Nf3 Qe7 25. Bf2 Re2 26. Rxe2 Qxe2 27. Qxe2
Bxe2 28. Rxd6 Bxf3 29. gxf3 Bxc3 30. Rd7 Bd4 31. Bxd4 cxd4 32. Rxb7 Re2 33. Rd7
Rxa2 34. Rxd4 Rb2 35. Rb4 Kg7 36. Rb7 Kf6 37. Rxa7 Rxb3 38. Kg2 1/2-1/2

[Event "SR 3. liga A2 2014/2015"]
[Site "?"]
[Date "2014.10.19"]
[Round "1.6"]
[White "Bahna, Jan"]
[Black "Brunovsky, Peter"]
[Result "1-0"]
[WhiteElo "1940"]
[BlackElo "1869"]
[PlyCount "77"]
[EventDate "2015.??.??"]

1. e4 c6 2. d4 d5 3. Nd2 dxe4 4. Nxe4 Nf6 5. Ng3 g6 6. Nf3 Bg7 7. h3 O-O 8. Be2
Nbd7 9. O-O e6 10. c3 b6 11. Bd2 Bb7 12. Qc1 Rc8 13. Bg5 Qc7 14. Bf4 Qd8 15.
Rd1 Qe7 16. Bg5 Qd6 17. Bh6 Qb8 18. h4 c5 19. h5 Qa8 20. Bxg7 Kxg7 21. h6+ Kg8
22. Qg5 cxd4 23. Rxd4 Rc5 24. Qh4 Rd5 25. Rad1 Rc8 26. c4 Rxd4 27. Rxd4 Qb8 28.
Rxd7 Nxd7 29. Qd4 e5 30. Qxd7 Rd8 31. Qe7 Bxf3 32. Bxf3 Qd6 33. Qxa7 Qd2 34.
Bd5 Rf8 35. Qxb6 Qxh6 36. a4 Qf4 37. a5 e4 38. a6 Rb8 39. Qd4 1-0

[Event "SR 3. liga A2 2014/2015"]
[Site "?"]
[Date "2014.10.19"]
[Round "1.6"]
[White "Valla, Tomas"]
[Black "Krist, Milan"]
[Result "1/2-1/2"]
[WhiteElo "1822"]
[BlackElo "1913"]
[PlyCount "62"]
[EventDate "2015.??.??"]

1. e4 e6 2. d4 d5 3. Nc3 Nf6 4. e5 Nfd7 5. f4 c5 6. Nf3 cxd4 7. Nxd4 Nc6 8. Be3
Bc5 9. Qd2 Nxd4 10. Bxd4 a6 11. O-O-O Bxd4 12. Qxd4 Qb6 13. h4 Qxd4 14. Rxd4 f6
15. exf6 Nxf6 16. Bd3 Bd7 17. Re1 Kf7 18. a4 Rhe8 19. Kd2 g6 20. Bf1 Re7 21. b4
Rae8 22. b5 a5 23. Re3 b6 24. Be2 Bc8 25. Re5 Bb7 26. Bf3 Rd7 27. Re2 h6 28.
Re3 Ng8 29. Bg4 Nf6 30. Bf3 h5 31. Nd1 Rc7 1/2-1/2

[Event "SR 3. liga A2 2014/2015"]
[Site "?"]
[Date "2014.10.19"]
[Round "1.6"]
[White "Hagara, Vladimir"]
[Black "Kanka, Tomas"]
[Result "0-1"]
[WhiteElo "1906"]
[BlackElo "1723"]
[PlyCount "86"]
[EventDate "2015.??.??"]

1. c4 e5 2. Nc3 Nf6 3. g3 g6 4. Bg2 Bg7 5. e4 O-O 6. Nge2 d6 7. O-O Be6 8. b3
Nbd7 9. d4 exd4 10. Nxd4 Nc5 11. Nxe6 fxe6 12. Bb2 Nfxe4 13. Qc2 Nxc3 14. Bxc3
Rb8 15. Rad1 Bxc3 16. Qxc3 Qf6 17. Qe3 a6 18. Rd2 Rf7 19. b4 Nd7 20. c5 d5 21.
Re1 Nf8 22. Bh3 Re8 23. c6 bxc6 24. Rc1 e5 25. Rc5 Nd7 26. Ra5 Nb6 27. Bf1 d4
28. Qb3 e4 29. Bxa6 e3 30. fxe3 Rxe3 31. Qd1 Kg7 32. Rc5 Nd5 33. Bc4 Nc3 34.
Qc1 Rfe7 35. Qb2 Re1+ 36. Kg2 Ne4 37. Bd3 Nxc5 38. bxc5 Qe5 39. Qc2 Qd5+ 40.
Kh3 R7e5 41. Rf2 Rh5+ 42. Kg4 Re3 43. h4 Qe6+ 0-1

[Event "SR 3. liga A2 2014/2015"]
[Site "?"]
[Date "2014.11.02"]
[Round "2.1"]
[White "Horak, Ivan"]
[Black "Sturdik, Igor"]
[Result "0-1"]
[WhiteElo "2070"]
[BlackElo "1990"]
[PlyCount "106"]
[EventDate "2015.??.??"]

1. c4 Nf6 2. Nc3 c5 3. g3 g6 4. Bg2 Bg7 5. e3 O-O 6. Nge2 d6 7. O-O Nc6 8. d4
e5 9. d5 Ne7 10. e4 a6 11. a4 Bd7 12. a5 b5 13. axb6 Qxb6 14. b3 Rfb8 15. Ra3
Qc7 16. Bd2 Bc8 17. Qa1 Nd7 18. Bh3 f5 19. f3 Nf6 20. Bg2 Rb7 21. Qe1 Rab8 22.
Nc1 Ra7 23. Na4 a5 24. Rf2 Bd7 25. Bc3 Bh6 26. f4 fxe4 27. Bxe4 Ng4 28. Rf1
exf4 29. gxf4 Bg7 30. Bf3 Bf5 31. Bxg7 Kxg7 32. Nc3 Qd8 33. Nb5 Raa8 34. Bxg4
Bxg4 35. Qc3+ Kf7 36. Ra2 Nxd5 37. Qg3 Nf6 38. Re1 Bf5 39. Rae2 Rb7 40. Qg2
Rab8 41. Rd2 d5 42. Nd3 Bxd3 43. Rxd3 Re7 44. Red1 Rb6 45. Qa2 Qa8 46. Qa3 dxc4
47. bxc4 Re2 48. Rg3 Rbe6 49. Qd3 Re1+ 50. Rxe1 Rxe1+ 51. Kf2 Qh1 52. Nd6+ Kf8
53. Rg2 Rd1 0-1

[Event "SR 3. liga A2 2014/2015"]
[Site "?"]
[Date "2014.11.02"]
[Round "2.1"]
[White "Nicolini, Alexander"]
[Black "Sefcik, Marek"]
[Result "1-0"]
[WhiteElo "2120"]
[BlackElo "2043"]
[PlyCount "63"]
[EventDate "2015.??.??"]

1. e4 d5 2. exd5 Qxd5 3. Nc3 Qd6 4. d4 Nf6 5. Bc4 c6 6. Nge2 Bf5 7. Bf4 Qb4 8.
Bb3 e6 9. O-O Nbd7 10. Bc7 Nb6 11. Ng3 Bg6 12. h4 h6 13. Re1 Nbd5 14. Nxd5 Nxd5
15. a3 Qe7 16. Ba5 b6 17. h5 Bh7 18. c4 Nf6 19. Qf3 Qc7 20. Bc3 Bd6 21. d5 Bxg3
22. fxg3 O-O-O 23. Be5 Qd7 24. dxc6 Qd3 25. Re3 Qf5 26. c7 Rd3 27. Qa8+ Kd7 28.
Rxd3+ Qxd3 29. Ba4+ Ke7 30. Bxf6+ Kxf6 31. Qxh8 Qe3+ 32. Kh2 1-0

[Event "SR 3. liga A2 2014/2015"]
[Site "?"]
[Date "2014.11.02"]
[Round "2.1"]
[White "Chabada, Tomas"]
[Black "Kolenak, Matus"]
[Result "1-0"]
[WhiteElo "1987"]
[BlackElo "1977"]
[PlyCount "67"]
[EventDate "2015.??.??"]

1. e4 c5 2. Nf3 Nc6 3. d4 cxd4 4. Nxd4 e6 5. Nc3 a6 6. Be3 Bb4 7. Qd2 Nf6 8. f3
d5 9. Nxc6 bxc6 10. a3 Ba5 11. Rd1 O-O 12. b4 Bc7 13. Bc5 Re8 14. Be2 Bb7 15.
O-O e5 16. Qg5 h6 17. Qh4 Kh7 18. Bd3 d4 19. Ne2 g5 20. Qf2 Nd7 21. Ng3 Nxc5
22. bxc5 Qe7 23. Nf5 Qxc5 24. h4 Bc8 25. hxg5 hxg5 26. Qg3 Bxf5 27. exf5 f6 28.
Qh3+ Kg8 29. Qh6 Re7 30. Qxf6 Rae8 31. Qg6+ Kf8 32. f6 Rd7 33. Kf2 e4 34. Rh1
1-0

[Event "SR 3. liga A2 2014/2015"]
[Site "?"]
[Date "2014.11.02"]
[Round "2.1"]
[White "Bukovsky, Milan"]
[Black "Kovarik, Oto"]
[Result "1-0"]
[WhiteElo "1922"]
[BlackElo "1926"]
[PlyCount "129"]
[EventDate "2015.??.??"]

1. d4 d5 2. c4 e6 3. Nc3 Nf6 4. cxd5 exd5 5. Bg5 Be7 6. e3 h6 7. Bh4 Nbd7 8.
Bd3 a6 9. Qc2 c5 10. dxc5 Nxc5 11. Bf5 O-O 12. Rd1 g5 13. Bg3 Be6 14. Nf3 Rc8
15. Bxe6 Nxe6 16. Qf5 Ng7 17. Qd3 Qa5 18. O-O Rfd8 19. Nd4 b5 20. Rc1 b4 21.
Nb3 Qb6 22. Ne2 a5 23. Be5 a4 24. Nbd4 Nfe8 25. Nf5 Bf8 26. Nxh6+ Qxh6 27. Rxc8
Rxc8 28. Qxd5 Qe6 29. Qxe6 Nxe6 30. Rc1 Rxc1+ 31. Nxc1 f6 32. Bb8 Nc5 33. Kf1
Kf7 34. Ke2 Ke6 35. b3 Nd6 36. Ba7 axb3 37. Nxb3 Nxb3 38. axb3 Nb5 39. Bb8 Bd6
40. Bxd6 Nxd6 41. Kd3 Ke5 42. f3 Kd5 43. g3 Nf7 44. h4 Ne5+ 45. Ke2 g4 46. fxg4
Nxg4 47. Kf3 Ne5+ 48. Kf4 Nd3+ 49. Kf5 Nf2 50. h5 Ne4 51. h6 Nxg3+ 52. Kg6 Ke4
53. h7 Nf5 54. h8=Q Nxe3 55. Qh4+ Kf3 56. Kxf6 Nc2 57. Ke5 Ke3 58. Kd5 Kd3 59.
Qh3+ Kd2 60. Kc5 Kc1 61. Qf1+ Kb2 62. Qe2 Kb1 63. Qxc2+ Kxc2 64. Kxb4 Kd3 65.
Kc5 1-0

[Event "SR 3. liga A2 2014/2015"]
[Site "?"]
[Date "2014.11.02"]
[Round "2.1"]
[White "Husek, Lubomir"]
[Black "Doucha, Ludvik"]
[Result "1-0"]
[WhiteElo "1854"]
[BlackElo "2006"]
[PlyCount "89"]
[EventDate "2015.??.??"]

1. e4 e5 2. Nf3 d6 3. d4 exd4 4. Nxd4 g6 5. Nc3 Bg7 6. Be3 Nf6 7. Be2 O-O 8. f3
Re8 9. Qd2 d5 10. exd5 Nxd5 11. Nxd5 Qxd5 12. c3 a6 13. Kf2 c5 14. Nb3 Qxd2 15.
Nxd2 Nd7 16. Ne4 b6 17. Rad1 Nf6 18. Nd6 Rf8 19. Nxc8 Rfxc8 20. Rd6 Rcb8 21.
Rhd1 h6 22. g4 Ra7 23. Bf4 Rbb7 24. Rd8+ Kh7 25. h4 h5 26. g5 Ng8 27. Bf1 Ne7
28. Bh3 Nc6 29. R8d5 Re7 30. Bd6 Re8 31. Bg3 Ree7 32. f4 Rac7 33. f5 Be5 34.
fxg6+ fxg6 35. Rd7 Bxg3+ 36. Kxg3 Ne5 37. Rxc7 Rxc7 38. Be6 Rc6 39. Bd5 Rd6 40.
Bg8+ Kxg8 41. Rxd6 Nc4 42. Rxg6+ Kf7 43. Rh6 b5 44. b3 Ne3 45. Rxa6 1-0

[Event "SR 3. liga A2 2014/2015"]
[Site "?"]
[Date "2014.11.02"]
[Round "2.1"]
[White "Mosny, Jaroslav"]
[Black "Holiencin, Filip"]
[Result "1-0"]
[WhiteElo "1998"]
[BlackElo "1845"]
[PlyCount "120"]
[EventDate "2015.??.??"]

1. d4 Nf6 2. Nf3 g6 3. g3 Bg7 4. Bg2 d5 5. O-O O-O 6. c4 c6 7. Nc3 e6 8. Bg5 h6
9. Bf4 Nbd7 10. Ne5 Nxe5 11. Bxe5 Nd7 12. Bxg7 Kxg7 13. Qd2 f5 14. f4 Nf6 15.
c5 Bd7 16. Rfb1 Qc7 17. b4 Rfb8 18. a4 a6 19. Rb3 Be8 20. Rab1 b5 21. axb5 axb5
22. R3b2 Rb7 23. Ra2 Rxa2 24. Qxa2 Ra7 25. Qb2 Qb8 26. Ra1 Qa8 27. Rxa7+ Qxa7
28. Qc1 Bf7 29. Bf3 h5 30. h3 Nd7 31. Kf2 Nf6 32. e3 Ne4+ 33. Bxe4 dxe4 34. g4
Qe7 35. Qg1 hxg4 36. hxg4 Qh4+ 37. Qg3 Qh1 38. Ne2 Bg8 39. Ng1 fxg4 40. Qxg4
Qh5 41. Qxh5 gxh5 42. Kg3 Kf6 43. Kh4 Bf7 44. Ne2 Be8 45. Ng3 Bg6 46. Nxh5+
Bxh5 47. Kxh5 Kf5 48. Kh4 Kg6 49. Kg4 Kf6 50. f5 exf5+ 51. Kf4 Ke6 52. Kg5 Kd5
53. Kxf5 Kc4 54. Kxe4 Kxb4 55. Kd3 Ka5 56. e4 Ka6 57. d5 Kb7 58. Kc3 Kc7 59.
Kb4 Kd7 60. dxc6+ Kxc6 1-0

[Event "SR 3. liga A2 2014/2015"]
[Site "?"]
[Date "2014.11.02"]
[Round "2.1"]
[White "Vach, Jozef"]
[Black "Bahna, Jan"]
[Result "0-1"]
[WhiteElo "1778"]
[BlackElo "1940"]
[PlyCount "108"]
[EventDate "2015.??.??"]

1. d4 d5 2. c4 e6 3. Nc3 Nf6 4. Bg5 Be7 5. e3 O-O 6. Nf3 a6 7. Bd3 dxc4 8. Bxc4
b5 9. Bd3 Nbd7 10. Ne4 Bb7 11. Nxf6+ Bxf6 12. Bxf6 Qxf6 13. Qc2 Bxf3 14. gxf3
c5 15. Bxh7+ Kh8 16. Be4 Ra7 17. Qc3 Rc8 18. Ke2 Nb6 19. dxc5 Qxc3 20. bxc3
Rxc5 21. Rac1 Na4 22. Rhd1 g6 23. Rd8+ Kg7 24. Kd2 Rac7 25. c4 Rxc4 26. Rxc4
Rxc4 27. Ra8 Nc5 28. Bb1 Ra4 29. Rc8 Nd7 30. Rd8 Ne5 31. Ke2 Rb4 32. f4 Rb2+
33. Rd2 Rxb1 34. fxe5 a5 35. Kd3 a4 36. Kc2 Rh1 37. Kc3 Rc1+ 38. Kb2 Rc5 39. f4
b4 40. Rd4 Rb5 41. Rc4 Rb7 42. h3 Kh6 43. h4 Kh5 44. a3 bxa3+ 45. Kxa3 Kxh4 46.
f5+ Kg5 47. fxe6 fxe6 48. Kxa4 Kf5 49. Rc5 g5 50. Ka3 g4 51. Rc4 Rg7 52. Kb2 g3
53. Rc1 g2 54. Rg1 Ke4 0-1

[Event "SR 3. liga A2 2014/2015"]
[Site "?"]
[Date "2014.11.02"]
[Round "2.1"]
[White "Holicky, Miroslav"]
[Black "Hrubos, Milan"]
[Result "1/2-1/2"]
[WhiteElo "1807"]
[BlackElo "1771"]
[PlyCount "75"]
[EventDate "2015.??.??"]

1. d4 Nf6 2. c4 d6 3. g3 g6 4. Bg2 Bg7 5. Nc3 O-O 6. e4 c5 7. Nge2 Nc6 8. h3
cxd4 9. Nxd4 Nxd4 10. Qxd4 Ng4 11. Qd2 Ne5 12. b3 Bd7 13. f4 Nc6 14. O-O Qb6+
15. Kh2 Qd4 16. Qxd4 Bxd4 17. Bd2 a6 18. Rad1 e5 19. Nd5 Kg7 20. f5 f6 21. h4
Rae8 22. Bh3 Ne7 23. Nxe7 Rxe7 24. Bb4 Bc5 25. Bxc5 dxc5 26. fxg6 Bxh3 27. Kxh3
hxg6 28. g4 Rff7 29. Rd5 Rc7 30. g5 fxg5 31. Rxf7+ Kxf7 32. Rxe5 gxh4 33. Kxh4
Kf6 34. Rd5 Re7 35. Rxc5 Rxe4+ 36. Kg3 Re5 37. Rc7 b5 38. Rc6+ 1/2-1/2

[Event "SR 3. liga A2 2014/2015"]
[Site "?"]
[Date "2014.11.02"]
[Round "2.2"]
[White "Kavon, Rastislav"]
[Black "Danada, Tomas"]
[Result "1/2-1/2"]
[WhiteElo "2153"]
[BlackElo "2118"]
[PlyCount "50"]
[EventDate "2015.??.??"]

1. e4 c5 2. Nf3 Nc6 3. d4 cxd4 4. Nxd4 Nf6 5. Nc3 e6 6. Nxc6 bxc6 7. e5 Nd5 8.
Ne4 Qc7 9. f4 Qa5+ 10. Bd2 Qb6 11. c4 Qd4 12. Qb1 f5 13. cxd5 fxe4 14. d6 Rb8
15. Bc3 Qe3+ 16. Be2 Ba6 17. Qc2 g5 18. fxg5 Bg7 19. Rf1 Rf8 20. a4 Bd3 21. Qd1
Rxf1+ 22. Kxf1 Qf4+ 23. Kg1 Qe3+ 24. Kf1 Qf4+ 25. Kg1 Qe3+ 1/2-1/2

[Event "SR 3. liga A2 2014/2015"]
[Site "?"]
[Date "2014.11.02"]
[Round "2.2"]
[White "Pribila, Gerhard"]
[Black "Bango, Lukas"]
[Result "1/2-1/2"]
[WhiteElo "2060"]
[BlackElo "1917"]
[PlyCount "111"]
[EventDate "2015.??.??"]

1. e4 c5 2. c3 d5 3. exd5 Qxd5 4. d4 Nc6 5. Nf3 Nf6 6. dxc5 Qxd1+ 7. Kxd1 Bg4
8. Be3 e5 9. b4 e4 10. h3 Bh5 11. g4 Nxg4 12. hxg4 Bxg4 13. Nbd2 Be7 14. Kc2
exf3 15. Bh3 Bxh3 16. Rxh3 O-O-O 17. Nxf3 Bf6 18. Rah1 h6 19. Bg5 Bxg5 20. Nxg5
Rhf8 21. Ne4 Kc7 22. Rg1 Rfe8 23. Re3 g6 24. Rge1 Re7 25. Nf6 Rxe3 26. Rxe3 b5
27. Ne8+ Kd7 28. Nd6 a6 29. Nxf7 Rf8 30. Nxh6 Rxf2+ $11 31. Kb3 a5 32. Rd3+ Kc7
33. bxa5 Nxa5+ 34. Kb4 Nc6+ 35. Kxb5 Rxa2 36. Nf7 Rb2+ 37. Ka4 Rf2 38. Ng5 Rf6
39. Re3 Rf4+ 40. Re4 Rxe4+ 41. Nxe4 Ne5 42. Kb5 Kb7 43. Ng5 Kc7 44. Ne6+ Kb7
45. c4 Nc6 46. Ka4 Ne5 47. Kb4 Kc6 48. Kc3 Nf3 49. Kd3 g5 50. Ke4 g4 51. Kf4
Nd2 52. Kxg4 Nxc4 53. Kf5 Nd2 54. Ke5 Nb3 55. Nd4+ Kxc5 56. Nxb3+ 1/2-1/2